000 00695nam a2200241Ia 4500
003 OSt
005 20220918212157.0
006 a|||||r|||| 00| 0
007 ta
008 220917b |||||||| |||| 00| 0 eng d
024 _a127,641
037 _cTextual
040 _aARTS
_cARTS
_beng
041 _2eng
_aeng
082 _aX.5.L5, K1
100 _aReynolds Robert L
_9122833
245 0 _aEurope emerges
_b Transition towards an industrial world wide society 600-1750
260 _aLondon
_bThe University of Wisconsin Press India
_c1961
300 _a529p.
_ccm.
650 _aECONOMICS
942 _hX.5.L5, K1
_cTEXL
_2CC
999 _c250783
_d250783